Investičná výstavba

Z obsahu: Miliardový investičný zámer na Zámockej ulici v Bratislave chcú dokončiť prvého januára roku 2000. Záujem o nadštandardné priestory zatiaľ aj bez presne stanovenej ceny.

Saved in:
Bibliographic Details
Main Author: Zverková, Daniela
Format: Book Chapter
Language:Slovak
Subjects:
Tags: Add Tag
No Tags, Be the first to tag this record!

MARC

LEADER 00000naa a2200000 4500
001 r027676
005 20230921081046.9
041 0 |a slo 
044 |a SK 
245 1 0 |a Investičná výstavba  |c D. Zverková 
520 |a Z obsahu: Miliardový investičný zámer na Zámockej ulici v Bratislave chcú dokončiť prvého januára roku 2000. Záujem o nadštandardné priestory zatiaľ aj bez presne stanovenej ceny. 
610 2 0 |a výstavba investičná 
610 2 0 |a výstavba bytová 
610 2 0 |a byty 
610 2 0 |a ceny 
610 2 0 |a pozemky 
610 2 0 |a Bratislava 
100 1 |a Zverková, Daniela